000 00482nam a2200169Ia 4500
003 LK-CoDNM
008 010623t1929 xxu||||| |||| 00| 1 sin d
040 _aLK-CoDNM
_dLK-CoDNM
_eLK-CoDNM
041 _asin
080 _a14 L 11
100 _aSri Sumangala ,Rathanasaaraabidaana Thero.
245 _aසිදත් සඟරා භාව සන්නය
246 _aSidath Sangara Bava Sannaya
260 _bKumarasinha
_a?
_c1929
300 _bviii,239p., 22 cm
942 _cBK
999 _c95101
_d95101